Ελληνική λαϊκή παράδοση : τα παραμύθια στα περιοδικά για παιδιά και νέους (1836-1922)
Αποθηκεύτηκε σε:
| Κύριος συγγραφέας: | |
|---|---|
| Μορφή: | Βιβλίο |
| Γλώσσα: | Greek |
| Δημοσίευση: |
Αθήνα ;
Ελληνικά Γράμματα,
1998.
|
| Θέματα: | |
| Ετικέτες: |
Προσθήκη ετικέτας
Δεν υπάρχουν, Καταχωρήστε ετικέτα πρώτοι!
|
MARC
| LEADER | 00000cam a2200000 i 4500 | ||
|---|---|---|---|
| 001 | 1/72138 | ||
| 008 | 990315s1998 gr ||| gre|| | ||
| 020 | |a 9603445231 | ||
| 035 | |l 10048492 | ||
| 040 | |a GR-MY-UA |b gre |e aacr | ||
| 041 | 0 | |a gre | |
| 082 | 7 | |a 809.89282 | |
| 100 | 1 | |a Καπλάνογλου, Μαριάνθη. | |
| 245 | 1 | 0 | |a Ελληνική λαϊκή παράδοση : |b τα παραμύθια στα περιοδικά για παιδιά και νέους (1836-1922) / |c Μαριάνθη Καπλάνογλου. |
| 260 | |a Αθήνα ; |b Ελληνικά Γράμματα, |c 1998. | ||
| 300 | |a 301 σ. ; |c 24 εκ. | ||
| 504 | |a Βιβλιογραφία: σ. 287-298. | ||
| 650 | 0 | 0 | |a Greek literature |x History and criticism. |
| 650 | 0 | 0 | |a Children's literature, Greek (Modern) |x History and criticism. |
| 852 | |a INST |b RHODES |e 19990315 |h 809.89282 ΚΑΠ |p 005400015448 |q 005400015448 |t BK |y 0 | ||
| 852 | |a INST |b RHODES |e 20160118 |h 809.89282 ΚΑΠ |p 005400038185 |q 005400038185 |t BK |y 0 | ||
| 901 | |a BIBL-1999-1 | ||
| 909 | |a Ρ |b 064340 |c 1999 | ||
| 970 | |z 2000/06/ΟΙΚΟΝΟΜΟΠΟΥΛΟΥ (SUBJECT) | ||